| 000 | 01011 a2200169 4500 | ||
|---|---|---|---|
| 003 | Nust | ||
| 005 | 20220730123618.0 | ||
| 020 | _a0818619708 | ||
| 040 | _cNust | ||
| 082 | _a004.7,AHM | ||
| 100 |
_aAhmed, Mustaque _995919 |
||
| 245 |
_aMulticast communication in distributed system / _cMustaque Ahmed |
||
| 260 |
_a Washington _bIEEE comuter _c1990 |
||
| 300 | _a115 p .: | ||
| 505 | _a Selected Broadcast In Packet Switched Networks (Page-1), Distributed Process Groups In The V Kernel (Page-11), Multicast Comm. On Network Computers (Page-43), Datagram Routing For Internet Multicasting (Page-57), Multicast Routing In Internetworks And Extended LANs (Page-63), Using Cost Algorithms For Message Delivery In Dynamic Multicast Groups (Page-73), Using Multicast Comm. To Locate Resources In A LAN Based Distributed Sys (Page-81), A Loosely Coupled Distributed System For Reliably Storing Data (Page-91), Supplying High Availability With A Standard Network File Sys (Page-101). | ||
| 942 |
_2ddc _cBK _k004.7,AHM |
||
| 999 |
_c176444 _d176444 |
||